Akademické hodnoty v antike
Analýza antického spôsobu vyššieho vzdelávania a hodnoty, ktoré toto vzdelávanie konštituovali. Tradičné vzdelávanie v období, ktoré predchádzalo veľkému kultúrnemu rozmachu Atén (archaická paideia). Podmienky vzniku veľkých vzdelávacích centier v Aténach. Akademické hodnoty Platónovej Akadémie a Ar...
Gespeichert in:
| 1. Verfasser: | |
|---|---|
| Format: | Buchkapitel |
| Sprache: | Slowakisch |
| Schlagworte: | |
| Tags: |
Keine Tags, Fügen Sie das erste Tag hinzu!
|
MARC
| LEADER | 00000naa$a2200000$$$4500 | ||
|---|---|---|---|
| 001 | 0258608 | ||
| 005 | 20240502074108.1 | ||
| 041 | 0 | |a slo | |
| 044 | |a SK | ||
| 245 | 1 | 0 | |a Akademické hodnoty v antike |c František Škvrnda ml. |
| 520 | |a Analýza antického spôsobu vyššieho vzdelávania a hodnoty, ktoré toto vzdelávanie konštituovali. Tradičné vzdelávanie v období, ktoré predchádzalo veľkému kultúrnemu rozmachu Atén (archaická paideia). Podmienky vzniku veľkých vzdelávacích centier v Aténach. Akademické hodnoty Platónovej Akadémie a Aristotelovho Lykeionu. Helenizmus a rímske obdobie. | ||
| 610 | 2 | 0 | |a vzdelávanie |
| 610 | 2 | 0 | |a školstvo |
| 610 | 2 | 0 | |a dejiny |
| 610 | 2 | 0 | |a filozofi |
| 610 | 2 | 0 | |a filozofia |
| 610 | 2 | 0 | |a Grécko |
| 610 | 2 | 0 | |a kultúra |
| 100 | 1 | |a Škvrnda, František, ml., 1987- | |